[Event "African Online-ch Women 2021"]
[Site "Online"]
[Date "2021.02.01"]
[Round "6.14"]
[White "Castro, Neusa Aridas De"]
[Black "Karania, Saloni"]
[Result "1-0"]
[WhiteElo "1512"]
[BlackElo "1304"]
[Annotator "NA RC"]
[PlyCount "121"]
[EventDate "2021.02.01"]
[EventType "swiss"]
[EventCountry "NET"]
[SourceTitle "playchess.com"]
[Source "ChessBase"]
[SourceQuality "1"]
[TimeControl "1500+10"]

1. e4 {[%emt 0:00:00]} b6 {[%emt 0:00:04]} 2. Nf3 {[%emt 0:00:11]} Bb7 {[%emt 0:00:03]} 3. Nc3 {[%emt 0:00:02]} e6 {[%emt 0:00:07]} 4. Bc4 {[%emt 0:00:05]} Nf6 {[%emt 0:00:21]} 5. d3 {[%emt 0:00:07]} h6 {[%emt 0:00:13]} 6. a3 {[%emt 0:00:21]} c5 {[%emt 0:00:24]} 7. Bf4 {[%emt 0:00:13]} d5 {[%emt 0:01:11]} 8. exd5 {[%emt 0:01:42]} exd5 {[%emt 0:00:21]} 9. Qe2+ {[%emt 0:00:29]} Be7 {[%emt 0:00:36]} 10. Bb5+ {[%emt 0:00:12]} Bc6 {[%emt 0:00:38]} 11. Bxc6+ {[%emt 0:00:24]} Nxc6 {[%emt 0:00:04]} 12. O-O {[%emt 0:00:02]} O-O {[%emt 0:01:38]} 13. Qd2 {[%emt 0:00:42]} d4 {[%emt 0:00:36]} 14. Ne2 {[%emt 0:00:18]} Nd5 {[%emt 0:00:39]} 15. Bg3 {[%emt 0:00:36]} Re8 {[%emt 0:00:26]} 16. Rfe1 {[%emt 0:00:08]} Bf6 {[%emt 0:00:38]} 17. Nf4 {[%emt 0:00:17]} Ne5 {[%emt 0:01:12]} 18. Nxe5 {[%emt 0:00:41]} Bxe5 {[%emt 0:02:10]} 19. Rad1 {[%emt 0:03:10]} Qd6 {[%emt 0:02:57]} 20. Nh5 {[%emt 0:00:55]} Bxg3 {[%emt 0:01:00]} 21. Nxg3 {[%emt 0:00:10]} Qc6 {[%emt 0:01:29]} 22. Re4 {[%emt 0:00:29]} Nf6 {[%emt 0:00:46]} 23. Re2 {[%emt 0:00:15]} Rac8 {[%emt 0:01:28]} 24. Rde1 {[%emt 0:00:09]} Red8 {[%emt 0:01:01]} 25. Qf4 {[%emt 0:00:09]} Nd5 {[%emt 0:01:45]} 26. Qf3 {[%emt 0:00:19]} Qf6 {[%emt 0:01:22]} 27. Qxf6 {[%emt 0:01:00]} Nxf6 {[%emt 0:00:04]} 28. Nf5 {[%emt 0:00:05]} Kh7 {[%emt 0:00:26]} 29. Re7 {[%emt 0:00:13]} Kg6 {[%emt 0:00:32]} 30. Nh4+ {[%emt 0:00:08]} Kg5 {[%emt 0:00:11]} 31. Nf3+ {[%emt 0:00:04]} Kg6 {[%emt 0:00:20]} 32. Ne5+ {[%emt 0:00:04]} Kh7 {[%emt 0:00:47]} 33. Nxf7 {[%emt 0:00:15]} Rf8 {[%emt 0:00:17]} 34. Ne5 {[%emt 0:00:05]} a6 {[%emt 0:00:23]} 35. Nf3 {[%emt 0:00:04]} Nd5 {[%emt 0:00:16]} 36. Rd7 {[%emt 0:00:21]} Nf6 {[%emt 0:00:09]} 37. Rb7 {[%emt 0:00:04]} b5 {[%emt 0:00:25]} 38. Ree7 {[%emt 0:00:13]} Rg8 {[%emt 0:00:28]} 39. Nh4 {[%emt 0:00:19]} Rce8 {[%emt 0:00:12]} 40. Nf5 {[%emt 0:00:33]} Rxe7 {[%emt 0:00:09]} 41. Rxe7 {[%emt 0:00:24]} Kg6 {[%emt 0:00:17]} 42. Ng3 {[%emt 0:00:08]} c4 {[%emt 0:00:45]} 43. dxc4 {[%emt 0:01:02]} bxc4 {[%emt 0:00:05]} 44. Rc7 {[%emt 0:00:03]} Re8 {[%emt 0:00:16]} 45. Kf1 {[%emt 0:00:07]} c3 {[%emt 0:00:13]} 46. bxc3 {[%emt 0:00:14]} dxc3 {[%emt 0:00:09]} 47. Rxc3 {[%emt 0:00:03]} Ng4 {[%emt 0:00:15]} 48. f3 {[%emt 0:00:57]} Ne3+ {[%emt 0:00:11]} 49. Kg1 {[%emt 0:00:26]} Nd1 {[%emt 0:00:26]} 50. Rc6+ {[%emt 0:00:19]} Kh7 {[%emt 0:00:06]} 51. h4 {[%emt 0:00:26]} Re1+ {[%emt 0:00:22]} 52. Kh2 {[%emt 0:00:11]} Nf2 {[%emt 0:01:03]} 53. Rxa6 {[%emt 0:00:48]} Rc1 {[%emt 0:00:05]} 54. Rc6 {[%emt 0:00:04]} Nd1 {[%emt 0:00:04]} 55. c4 {[%emt 0:00:10]} Ne3 {[%emt 0:00:05]} 56. Kh3 {[%emt 0:00:23]} Rc2 {[%emt 0:00:21]} 57. Nh5 {[%emt 0:00:23]} Rxg2 {[%emt 0:00:58]} 58. Rc7 {[%emt 0:00:26]} Rg1 {[%emt 0:00:08]} 59. Ng3 {[%emt 0:01:42]} Ra1 {[%emt 0:00:21]} 60. Ne4 {[%emt 0:01:09]} Rh1+ {[%emt 0:00:29]} 61. Kg3 {[%emt 0:00:06]} 1-0

[Event "African Online-ch Women 2021"]
[Site "Online"]
[Date "2021.02.01"]
[Round "6.15"]
[White "Ibtihal Mohammed"]
[Black "Jambo, Linda"]
[Result "1-0"]
[WhiteElo "1491"]
[BlackElo "1478"]
[Annotator "NA RC"]
[PlyCount "123"]
[EventDate "2021.02.01"]
[EventType "swiss"]
[EventCountry "NET"]
[SourceTitle "playchess.com"]
[Source "ChessBase"]
[SourceQuality "1"]
[TimeControl "1500+10"]

1. e4 {[%emt 0:00:00]} e5 {[%emt 0:00:07]} 2. c3 {[%emt 0:00:04]} Nf6 {[%emt 0:00:05]} 3. d3 {[%emt 0:00:18]} h6 {[%emt 0:00:12]} 4. Nf3 {[%emt 0:00:06]} Nc6 {[%emt 0:00:06]} 5. h3 {[%emt 0:00:04]} Bc5 {[%emt 0:00:05]} 6. Be2 {[%emt 0:00:09]} O-O {[%emt 0:00:04]} 7. O-O {[%emt 0:00:04]} Re8 {[%emt 0:00:04]} 8. Nbd2 {[%emt 0:00:15]} d6 {[%emt 0:00:24]} 9. Nb3 {[%emt 0:00:04]} Bb6 {[%emt 0:00:08]} 10. a4 {[%emt 0:00:08]} a6 {[%emt 0:00:08]} 11. Re1 {[%emt 0:00:15]} Be6 {[%emt 0:00:15]} 12. Nbd2 {[%emt 0:00:10]} Ne7 {[%emt 0:01:12]} 13. b4 {[%emt 0:00:07]} Ng6 {[%emt 0:00:25]} 14. c4 {[%emt 0:00:15]} c6 {[%emt 0:00:38]} 15. Bb2 {[%emt 0:00:15]} Nf4 {[%emt 0:00:36]} 16. Bf1 {[%emt 0:00:08]} Nh7 {[%emt 0:01:33]} 17. Nb3 {[%emt 0:01:38]} Ng5 {[%emt 0:00:37]} 18. d4 {[%emt 0:01:15]} Nxf3+ {[%emt 0:04:25]} 19. Qxf3 {[%emt 0:00:07]} Ng6 {[%emt 0:00:24]} 20. d5 {[%emt 0:00:21]} cxd5 {[%emt 0:00:19]} 21. exd5 {[%emt 0:00:28]} Bc8 {[%emt 0:01:06]} 22. Bd3 {[%emt 0:00:05]} Qg5 {[%emt 0:00:52]} 23. Bc1 {[%emt 0:00:12]} Nh4 {[%emt 0:02:21]} 24. Bxg5 {[%emt 0:04:21]} Nxf3+ {[%emt 0:00:08]} 25. gxf3 {[%emt 0:00:04]} hxg5 {[%emt 0:00:03]} 26. Kg2 {[%emt 0:00:05]} g6 {[%emt 0:00:24]} 27. c5 {[%emt 0:00:39]} dxc5 {[%emt 0:00:21]} 28. bxc5 {[%emt 0:00:14]} Ba7 {[%emt 0:00:21]} 29. Rg1 {[%emt 0:01:11]} Kg7 {[%emt 0:00:27]} 30. Kh2 {[%emt 0:00:09]} Kf6 {[%emt 0:00:14]} 31. Rg3 {[%emt 0:00:16]} Rh8 {[%emt 0:00:53]} 32. Rag1 {[%emt 0:00:06]} Rh5 {[%emt 0:00:08]} 33. Be4 {[%emt 0:01:05]} Bf5 {[%emt 0:00:09]} 34. Kg2 {[%emt 0:01:07]} Rah8 {[%emt 0:00:38]} 35. Rh1 {[%emt 0:01:17]} Bd7 {[%emt 0:00:33]} 36. c6 {[%emt 0:00:11]} bxc6 {[%emt 0:00:05]} 37. dxc6 {[%emt 0:00:04]} Be6 {[%emt 0:00:08]} 38. Na5 {[%emt 0:00:22]} Bb6 {[%emt 0:01:20]} 39. Nb7 {[%emt 0:00:08]} a5 {[%emt 0:00:47]} 40. Bd3 {[%emt 0:00:23]} Bd5 {[%emt 0:03:04]} 41. Bb5 {[%emt 0:00:17]} Ke6 {[%emt 0:00:27]} 42. Rc1 {[%emt 0:02:40]} Rc8 {[%emt 0:00:45]} 43. Kf1 {[%emt 0:02:00]} f6 {[%emt 0:00:31]} 44. Ke2 {[%emt 0:00:09]} Rh4 {[%emt 0:00:04]} 45. Nc5+ {[%emt 0:00:35]} Kd6 {[%emt 0:00:43]} 46. Nd7 {[%emt 0:00:46]} Bxc6 {[%emt 0:00:15]} 47. Bxc6 {[%emt 0:00:08]} Rxc6 {[%emt 0:00:08]} 48. Rxc6+ {[%emt 0:00:04]} Kxc6 {[%emt 0:00:05]} 49. Nxf6 {[%emt 0:00:04]} Rxa4 {[%emt 0:00:05]} 50. Rxg5 {[%emt 0:00:08]} Ra2+ {[%emt 0:00:04]} 51. Kd3 {[%emt 0:00:19]} Rxf2 {[%emt 0:00:08]} 52. Ke4 {[%emt 0:00:12]} a4 {[%emt 0:00:05]} 53. Rxg6 {[%emt 0:00:04]} a3 {[%emt 0:00:04]} 54. Ng4+ {[%emt 0:00:43]} Kb5 {[%emt 0:00:05]} 55. Nxf2 {[%emt 0:00:11]} a2 {[%emt 0:00:03]} 56. Rg1 {[%emt 0:00:03]} Bxf2 {[%emt 0:00:18]} 57. Rd1 {[%emt 0:00:19]} Bd4 {[%emt 0:00:05]} 58. f4 {[%emt 0:00:06]} a1=Q {[%emt 0:00:34]} 59. Rxa1 {[%emt 0:00:05]} Bxa1 {[%emt 0:00:05]} 60. fxe5 {[%emt 0:00:02]} Kc6 {[%emt 0:00:22]} 61. Kf5 {[%emt 0:00:05]} Bxe5 {[%emt 0:00:51]} 62. Kxe5 {[%emt 0:00:04]} 1-0

[Event "African Online-ch Women 2021"]
[Site "Online"]
[Date "2021.02.01"]
[Round "7.2"]
[White "Mezioud, Amina"]
[Black "Shaba, Linda Dalitso"]
[Result "1-0"]
[WhiteElo "2071"]
[BlackElo "1603"]
[Annotator "TA"]
[PlyCount "89"]
[EventDate "2021.02.01"]
[EventType "swiss"]
[EventCountry "NET"]
[SourceTitle "playchess.com"]
[Source "ChessBase"]
[SourceQuality "1"]

{[%evp 13,89,36,54,62,61,68,75,29,46,41,40,45,71,66,63,18,92,11,81,41,83,45,74,43,35,21,36,36,153,134,133,37,82,32,44,19,26,-9,-6,-46,93,105,116,96,97,70,72,16,23,16,18,43,218,264,262,278,255,243,425,414,579,568,628,617,540,360,339,310,289,276,504,503,501,503,598,594,635,635]} 1. e4 e5 2. Nf3 Nc6 3. Bc4 Bc5 4. O-O Nf6 5. d3 h6 6. c3 O-O 7. b4 Bd6 8. Re1 {C54: Giuoco Piano: 4 c3 Nf6, main lines with 5 d4 and 5 d3.} Ne7 9. d4 Ng6 {[#]} 10. dxe5 $146 {White is better.} ({Predecessor:} 10. Bb3 Kh7 11. dxe5 Bxe5 12. Nxe5 Nxe5 13. f4 Ng6 14. e5 Ng8 15. f5 Nh8 16. f6 gxf6 {½-½ (32) Gauche,C (2241)-Pereira,C (1687) Florianopolis 2019}) 10... Bxe5 11. Nxe5 Nxe5 12. Bb3 d6 {[#]} 13. f4 $1 {[%cal Rf4e5]} Ng6 14. Qd3 Kh7 (14... Re8 $11) 15. Na3 (15. c4 $16) 15... Bd7 (15... b6 $11 {remains equal.}) 16. e5 dxe5 17. fxe5 Ng8 18. Be3 Be6 19. Qc2 Bxb3 20. axb3 Qh4 (20... Re8 $14) 21. Bf2 Qg4 22. Nc4 ({White should play} 22. Nb5 $16) 22... a6 23. Re4 Qe6 24. Rf1 Kh8 25. Qe2 N8e7 26. Qh5 Qf5 (26... f5 $15 27. Ree1 b6) 27. Qxf5 $16 Nxf5 28. Bc5 Nfe7 29. e6 $36 {[%mdl 2048] White has some pressure.} f6 30. Rd4 (30. Bxe7 $16 Nxe7 31. Rd1) 30... Rfd8 $11 31. Rfd1 Rxd4 32. Rxd4 {Threatens to win with Rd7.} b6 $2 {A mistake that costs the game.} (32... Re8 $1 $14) 33. Bxe7 $18 Nxe7 {[%mdl 4096] Endgame KRN-KRN} 34. Rd7 Re8 35. Rxc7 {[#] Black must now prevent Nd6.} Nd5 $2 (35... Ng6 36. Rc6 (36. Nxb6 Rxe6 37. Nd7 Rd6 $16) 36... Nf4) 36. Rd7 b5 37. Rxd5 bxc4 38. bxc4 Rxe6 {KR-KR} 39. b5 Kg8 40. Rd8+ Kf7 41. Rd7+ Kf8 $2 (41... Ke8 42. Ra7 (42. Rxg7 Rb6 $18) 42... axb5) 42. Ra7 {White is clearly winning.} axb5 43. cxb5 Rb6 44. c4 g6 45. Ra6 {Weighted Error Value: White=0.26/Black=0.47} 1-0

[Event "African Online-ch Women 2021"]
[Site "Online"]
[Date "2021.02.01"]
[Round "7.3"]
[White "Miladi, Amen"]
[Black "Charinda, Kudzanayi"]
[Result "1-0"]
[WhiteElo "1802"]
[BlackElo "1710"]
[Annotator "NA RC"]
[PlyCount "107"]
[EventDate "2021.02.01"]
[EventType "swiss"]
[EventCountry "NET"]
[SourceTitle "playchess.com"]
[Source "ChessBase"]
[SourceQuality "1"]
[TimeControl "1500+10"]

1. e4 {[%emt 0:00:00]} c5 {[%emt 0:00:13]} 2. Nf3 {[%emt 0:00:03]} d6 {[%emt 0:00:03]} 3. d4 {[%emt 0:00:02]} cxd4 {[%emt 0:00:02]} 4. Qxd4 {[%emt 0:00:03]} Nc6 {[%emt 0:00:35]} 5. Bb5 {[%emt 0:00:03]} Bd7 {[%emt 0:00:03]} 6. Bxc6 {[%emt 0:00:03]} Bxc6 {[%emt 0:00:04]} 7. Nc3 {[%emt 0:00:02]} e6 {[%emt 0:00:16]} 8. Be3 {[%emt 0:00:05]} Nf6 {[%emt 0:00:07]} 9. O-O-O {[%emt 0:00:11]} Be7 {[%emt 0:00:11]} 10. Qd3 {[%emt 0:00:13]} Qc7 {[%emt 0:00:29]} 11. h3 {[%emt 0:00:08]} a6 {[%emt 0:00:15]} 12. Nd4 {[%emt 0:00:07]} Rc8 {[%emt 0:00:44]} 13. f4 {[%emt 0:00:19]} d5 {[%emt 0:00:59]} 14. e5 {[%emt 0:02:44]} Ne4 {[%emt 0:00:30]} 15. Rhf1 {[%emt 0:01:20]} Nxc3 {[%emt 0:00:28]} 16. Qxc3 {[%emt 0:00:03]} Bd7 {[%emt 0:01:33]} 17. Qxc7 {[%emt 0:00:27]} Rxc7 {[%emt 0:00:05]} 18. f5 {[%emt 0:00:44]} Bc5 {[%emt 0:00:47]} 19. fxe6 {[%emt 0:00:47]} Bxe6 {[%emt 0:00:24]} 20. Kb1 {[%emt 0:00:10]} Bxd4 {[%emt 0:00:06]} 21. Rxd4 {[%emt 0:00:20]} h6 {[%emt 0:00:36]} 22. Bd2 {[%emt 0:01:53]} Kd7 {[%emt 0:01:03]} 23. Ba5 {[%emt 0:01:23]} Rc6 {[%emt 0:00:14]} 24. Rd3 {[%emt 0:02:01]} Rhc8 {[%emt 0:01:17]} 25. Rc3 {[%emt 0:00:21]} Rxc3 {[%emt 0:01:19]} 26. Bxc3 {[%emt 0:00:03]} Rc4 {[%emt 0:00:11]} 27. Rd1 {[%emt 0:00:37]} Re4 {[%emt 0:00:44]} 28. Re1 {[%emt 0:00:40]} Rf4 {[%emt 0:00:29]} 29. Kc1 {[%emt 0:02:32]} Rf2 {[%emt 0:00:21]} 30. g4 {[%emt 0:00:23]} h5 {[%emt 0:00:36]} 31. gxh5 {[%emt 0:00:32]} Bxh3 {[%emt 0:00:54]} 32. Rg1 {[%emt 0:01:58]} Rg2 {[%emt 0:03:23]} 33. Rxg2 {[%emt 0:00:09]} Bxg2 {[%emt 0:00:04]} 34. e6+ {[%emt 0:00:37]} fxe6 {[%emt 0:02:15]} 35. Bxg7 {[%emt 0:00:04]} Be4 {[%emt 0:00:09]} 36. Be5 {[%emt 0:00:17]} Ke7 {[%emt 0:00:24]} 37. Kd2 {[%emt 0:00:07]} Kd7 {[%emt 0:00:38]} 38. c3 {[%emt 0:00:16]} Kc6 {[%emt 0:00:11]} 39. Ke3 {[%emt 0:00:57]} Kc5 {[%emt 0:00:11]} 40. Bd4+ {[%emt 0:00:03]} Kd6 {[%emt 0:00:21]} 41. Kf4 {[%emt 0:00:26]} Ke7 {[%emt 0:02:22]} 42. c4 {[%emt 0:00:10]} Bd3 {[%emt 0:00:49]} 43. c5 {[%emt 0:00:15]} Be4 {[%emt 0:01:09]} 44. b4 {[%emt 0:00:13]} Bc2 {[%emt 0:00:39]} 45. h6 {[%emt 0:00:38]} Bd3 {[%emt 0:00:35]} 46. a4 {[%emt 0:00:57]} Bh7 {[%emt 0:00:59]} 47. b5 {[%emt 0:00:09]} axb5 {[%emt 0:01:27]} 48. axb5 {[%emt 0:00:14]} Bd3 {[%emt 0:00:29]} 49. Kg5 {[%emt 0:00:30]} Bh7 {[%emt 0:00:37]} 50. Bf6+ {[%emt 0:00:42]} Kd7 {[%emt 0:00:32]} 51. Be5 {[%emt 0:00:03]} Ke7 {[%emt 0:00:07]} 52. c6 {[%emt 0:00:31]} bxc6 {[%emt 0:00:12]} 53. b6 {[%emt 0:00:04]} Kd7 {[%emt 0:00:22]} 54. b7 {[%emt 0:00:02]} 1-0

[Event "African Online-ch Women 2021"]
[Site "Online"]
[Date "2021.02.01"]
[Round "7.4"]
[White "Moaataz, Ayah"]
[Black "Francis, Onkemetse"]
[Result "1-0"]
[WhiteElo "2028"]
[BlackElo "1798"]
[Annotator "TA"]
[PlyCount "73"]
[EventDate "2021.02.01"]
[EventType "swiss"]
[EventCountry "NET"]
[SourceTitle "playchess.com"]
[Source "ChessBase"]
[SourceQuality "1"]

{[%evp 15,73,12,27,4,51,37,60,60,54,53,83,45,44,13,93,79,128,147,127,104,116,92,136,122,144,109,125,64,132,92,92,31,31,22,68,64,71,0,56,0,0,-22,33,0,0,0,51,-330,-195,-176,0,0,0,0,1104,2623,2389,2368,29995,29996]} 1. c4 Nf6 2. g3 c6 3. Bg2 d5 4. Nf3 Nbd7 5. O-O e6 6. b3 Be7 7. Bb2 O-O 8. d3 Re8 9. e3 {[#] A14: English Opening: 1...e6 with b3 by White.} dxc4 $146 ({Predecessor:} 9... Bd6 10. Nc3 a6 11. d4 b5 12. Qc2 b4 13. Na4 a5 14. Rfe1 Ba6 15. Rad1 Qb8 16. Nd2 e5 {0-1 (46) Movsziszian,K (2531)-Saguillo Gonzalez,O (2011) Sabadell 2019}) 10. bxc4 Qb6 11. Qe2 {White is slightly better.} Qc7 12. Nc3 b6 13. Rac1 Bb7 14. d4 Rad8 (14... c5 $11) 15. e4 $16 h6 16. e5 Nh7 17. Rfd1 Qb8 {[#]} 18. Ne4 $1 f5 19. Nc3 Ndf8 20. Qc2 Ng5 21. Nxg5 (21. Ne1 $16) 21... Bxg5 ({Black should try} 21... hxg5 $14 22. h3 Rd7) 22. f4 Be7 23. d5 (23. Ne2 $16) 23... cxd5 $14 24. cxd5 exd5 25. Nxd5 Bc5+ {[#]} 26. Kh1 (26. Bd4 $1 $16 {[%cal Rd4c5]} Bxd4+ 27. Rxd4) 26... Qc8 (26... Rd7 $11) 27. Qb3 $40 {[%mdl 128] White has some attack.} (27. g4 $14 Ng6 28. gxf5 (28. Qxf5 Nh4 $11) 28... Rxd5 29. fxg6 (29. Bxd5+ Bxd5+ 30. Rxd5 Nxf4 $14) (29. Rxd5 Nxf4 {[%mdl 64] Pin} 30. Rxc5 Bxg2+ 31. Qxg2 bxc5 $14) 29... Rxd1+ 30. Rxd1) 27... Kh8 $11 28. h3 Ba8 (28... Rd7 $11) 29. Rd2 Ne6 30. Rcd1 Nc7 (30... Bc6 $11) 31. Nf6 $2 {[%mdl 8192]} Bxg2+ ({Don't play} 31... gxf6 32. Kh2 $19) (31... Rxd2 $142 32. Rxd2 Rd8) 32. Rxg2 $19 Rxd1+ $2 ({Black should play} 32... gxf6 $19 33. Rxd8 Qxd8) 33. Qxd1 $11 {Black must now prevent Qh5!} Rd8 34. Qh5 {And now Qg6 would win.} Bd4 $2 {[%mdl 8192] [#]} (34... Qa6 $11 35. Qxf5 Qf1+ 36. Kh2 Bg1+ 37. Kh1 Bc5+ 38. Kh2 Bg1+ 39. Kh1 Bc5+) 35. Qg6 $1 $18 {[%csl Gf6][%cal Rg6h7]} gxf6 36. exf6 {[%csl Gf6][%cal Rg6g7]} Ne6 37. f7 {[%cal Rg6h6] Weighted Error Value: White=0.58/Black=0.51} 1-0

[Event "African Online-ch Women 2021"]
[Site "Online"]
[Date "2021.02.01"]
[Round "7.5"]
[White "Shah, Riya"]
[Black "Caxita, Esperanca"]
[Result "0-1"]
[WhiteElo "1559"]
[BlackElo "1882"]
[Annotator "NA RC"]
[PlyCount "60"]
[EventDate "2021.02.01"]
[EventType "swiss"]
[EventCountry "NET"]
[SourceTitle "playchess.com"]
[Source "ChessBase"]
[SourceQuality "1"]
[TimeControl "1500+10"]

1. d4 {[%emt 0:00:00]} d5 {[%emt 0:00:07]} 2. e3 {[%emt 0:00:02]} Nf6 {[%emt 0:00:05]} 3. f4 {[%emt 0:00:11]} Bg4 {[%emt 0:00:28]} 4. Nf3 {[%emt 0:00:07]} e6 {[%emt 0:00:24]} 5. Bd3 {[%emt 0:00:26]} c5 {[%emt 0:00:08]} 6. c3 {[%emt 0:00:03]} Nc6 {[%emt 0:00:05]} 7. O-O {[%emt 0:00:04] 7.0-0 scores better than 7.Nbd2.} cxd4 {[%emt 0:00:28]} 8. cxd4 {[%emt 0:00:04]} Bd6 {[%emt 0:00:03] [#]} 9. Qe1 $146 {[%emt 0:00:44]} ({Predecessor:} 9. Nc3 O-O 10. a3 Nd7 11. Qc2 h6 12. Ne5 Ncxe5 13. fxe5 Be7 14. h3 Bh5 15. Bd2 {½-½ (31) Alvarado M,J-Alba,J Guatemala 1992}) 9... a6 {[%emt 0:01:05]} 10. Ne5 {[%emt 0:00:10]} Bh5 {[%emt 0:01:00]} 11. Qg3 {[%emt 0:01:06]} Nb4 $1 {[%emt 0:01:51]} 12. Nc3 {[%emt 0:01:48]} Bg6 {[%emt 0:02:58]} 13. Bb1 {[%emt 0:03:18]} Bxe5 {[%emt 0:02:45]} 14. fxe5 {[%emt 0:00:16]} Ne4 {[%emt 0:00:04]} 15. Nxe4 {[%emt 0:00:04]} dxe4 {[%emt 0:00:07]} 16. Qg4 {[%emt 0:01:44]} Qd5 {[%emt 0:00:50]} 17. Bd2 {[%emt 0:00:21]} Nd3 {[%emt 0:00:19]} 18. Bc3 {[%emt 0:01:09]} O-O {[%emt 0:00:35]} 19. Bc2 {[%emt 0:01:08]} Rac8 {[%emt 0:00:46]} 20. a3 $19 {[%emt 0:00:18]} ({Better is} 20. Bb3 $15 Qd8 21. Rab1) 20... Nxb2 {[%emt 0:01:34]} 21. Bxb2 {[%emt 0:03:24]} Rxc2 {[%emt 0:00:08]} 22. Rab1 {[%emt 0:00:06]} Rfc8 {[%emt 0:00:26]} 23. Qd1 {[%emt 0:02:26]} Qb3 {[%emt 0:02:25]} 24. Ba1 {[%emt 0:02:35]} Qxe3+ {[%emt 0:00:12]} 25. Kh1 {[%emt 0:00:07]} Qg5 {[%emt 0:01:13]} 26. Rg1 {[%emt 0:00:11]} e3 {[%emt 0:00:13]} 27. Rxb7 {[%emt 0:00:23]} Be4 {[%emt 0:00:24]} 28. Qf1 {[%emt 0:00:20]} Bxb7 {[%emt 0:00:21]} 29. a4 {[%emt 0:01:33]} e2 {[%emt 0:00:34]} 30. Qf2 {[%emt 0:00:24]} e1=Q {[%emt 0:00:12]} 0-1

[Event "African Online-ch Women 2021"]
[Site "Online"]
[Date "2021.02.01"]
[Round "7.6"]
[White "Botlhole, Kgalalelo"]
[Black "Wafa, Shahenda"]
[Result "0-1"]
[WhiteElo "1705"]
[BlackElo "2143"]
[Annotator "TA"]
[PlyCount "114"]
[EventDate "2021.02.01"]
[EventType "swiss"]
[EventCountry "NET"]
[SourceTitle "playchess.com"]
[Source "ChessBase"]
[SourceQuality "1"]

{[%evp 19,114,10,35,46,162,155,162,80,78,84,80,39,54,18,20,-53,0,0,12,-90,-83,-105,-120,-125,-114,-188,-165,-204,-187,-239,-141,-151,-139,-185,-177,-200,-149,-155,-144,-159,-118,-136,-142,-203,-189,-182,-112,-100,72,73,239,-208,-200,-221,-123,-134,-77,-620,-618,-612,-612,-602,-587,-587,-581,-581,-581,-578,-547,-547,-186,-979,-911,-1558,-1477,-1825,-1812,-1632,-920,-2268,-2045,-1954,-1758,-4735,-4698,-29972,-29973,-29980,-29981,-29982,-5247,-29984,-29985,-29985,-29986,-29986,-5114]} 1. c4 f5 2. g3 Nf6 3. Bg2 g6 4. Nf3 Bg7 5. O-O O-O 6. d4 d6 7. Nc3 {[%cal Bb1c3,Bc3e4,Be4d6][%mdl 32]} c6 8. d5 e5 9. dxe6 Bxe6 10. b3 Ne4 11. Nxe4 {A88: Dutch Defence: Leningrad System: 5 Nf3 0-0 6 0-0 d6 7 Nc3 c6.} Bxa1 (11... fxe4 $14 12. Nd4 Bf7) 12. Nxd6 $18 Qd7 13. Bh6 (13. Ng5 $18 {has better winning chances.}) 13... Bg7 $16 14. Bxg7 Qxg7 {[#]} 15. c5 $146 ({Predecessor:} 15. Ng5 Bd7 16. Bd5+ Kh8 17. Ndf7+ Rxf7 18. Nxf7+ Kg8 19. Ng5+ cxd5 20. Qxd5+ Kf8 21. Qxb7 Qe7 22. Qxa8 {½-½ (22) Mihaljevic,J-Kaminker,H (2320) Canada 1992}) 15... Bd5 16. Qc2 {[%mdl 1024] White has compensation.} Na6 17. a3 (17. Ng5 $11) 17... Rad8 (17... b6 $1 $15 18. b4 bxc5 19. bxc5 Rad8) 18. b4 $11 b6 19. Qa4 (19. Ng5 $11 {keeps the balance.}) 19... bxc5 $17 20. Qxa6 Rxd6 21. bxc5 Rd7 22. Rb1 (22. e3 $17 {is a better defense.}) 22... Qe7 $19 23. e3 Qxc5 24. Ne5 {[#]} (24. h4 $142) 24... Rc7 (24... Rd6 $1 $19 {Strongly threatening ...Bxg2.} 25. Nd3 Qc2) 25. Nd3 $17 Qd6 26. Nf4 {Threatens to win with Bxd5+.} Bf7 27. Rc1 Rfc8 28. Bf1 g5 29. Nd3 Qe7 30. Rc5 Bd5 31. Qa4 (31. Bg2 $17 {might work better.}) 31... Qe4 32. Qxe4 fxe4 (32... Bxe4 $19 33. f3 Bxf3 34. Rxf5 g4) 33. Nb4 {next Ba6 is good for White.} h6 $2 (33... Kh8 $17 {keeps the pressure on.} 34. Nxd5 cxd5 35. Rxd5 Rf7) 34. Ba6 $16 Rd8 (34... Be6 $16) 35. Kg2 $4 {[%mdl 8192]} (35. Nxd5 $18 {was the only winning move.} Rxd5 36. Bc4 {[%mdl 64] Pin}) 35... Kg7 $19 36. Nc2 Be6 (36... Kf6 $19 37. Nd4 Ke5) 37. Nd4 $17 Kf6 ({Black should try} 37... Re8 38. Nb5 Rce7 39. Rxc6 Bd7) 38. Nxc6 $2 {[%mdl 8192]} (38. Nb5 $17 Re7 39. Rxc6) 38... Rd6 $19 39. Bb5 a6 40. Ba4 Bd7 41. Ne5 Rxc5 42. Nxd7+ {[#]} Rxd7 $1 43. Bxd7 {[%mdl 4096] Endgame KR-KB} Ke5 44. a4 Rc2 $2 (44... Rc4 {White must now prevent ...Kd6.} 45. Be8 Kd6) 45. g4 $2 (45. Bg4) 45... Rc4 46. Kg3 Kd6 47. Be8 Ke7 48. Bg6 Rxa4 49. f3 exf3 50. Kxf3 Kd6 51. e4 Ra3+ 52. Kg2 Ke5 53. Bf5 a5 {[%cal Ba6a5,Ba5a4][%mdl 32]} 54. h3 Kf4 (54... a4 $142 55. Bh7 Rc3 56. h4 gxh4 57. Bg8 Rg3+ 58. Kh1 Kxe4 59. Kh2 Kf4 60. Bf7 a3 61. Be6 h3 62. Bf7 Kxg4 63. Be6+ Kh4 64. Bd5 a2 {[%mdl 64] Deflection, Decoy} 65. Bxa2 Rg2+ {[%mdl 64] Double Attack} 66. Kh1 Rxa2 67. Kg1 Kg3 68. Kf1 h2 69. Ke1 h1=Q#) 55. Bg6 Ra2+ {Black mates.} 56. Kf1 a4 57. Bf7 Ra1+ {Weighted Error Value: White=1.06/Black=0.50} (57... Rb2 $142 58. Bd5 a3 59. e5 Kxe5 60. Bg8 a2 61. Bxa2 Rxa2 62. Ke1 Kd4 63. Kd1 Ke4 64. Ke1 Kd3 65. h4 gxh4 66. Kf1 Ke3 67. g5 hxg5 68. Kg1 Kf3 69. Kh1 Kg3 70. Kg1 Ra1#) 0-1